书目信息 |
| 题名: |
绿色建筑
|
|
| 作者: | 刘晨 编 ;常文心 译 | |
| 分册: | ||
| 出版信息: | 沈阳 辽宁科学技术出版社 2011.03 |
|
| 页数: | 271页 | |
| 开本: | 30cm | |
| 丛书名: | ||
| 单 册: | ||
| 中图分类: | TU201.5 | |
| 科图分类: | ||
| 主题词: | 节能--jie neng--建筑设计--世界--作品集 | |
| 电子资源: | ||
| ISBN: | 978-7-5381-6556-2 | |
| 000 | 00821nam0 2200289 450 | |
| 001 | 296460 | |
| 005 | 20110723133635.54 | |
| 010 | @a978-7-5381-6556-2@b精装@dCNY228.00 | |
| 100 | @a20110413d2011 km y0chiy50 ea | |
| 101 | 0 | @achi |
| 102 | @aCN@b210000 | |
| 105 | @aa z 001yy | |
| 106 | @ar | |
| 200 | 1 | @a绿色建筑@Alu se jian zhu@d= Green architecture@f刘晨编@g常文心译@zeng |
| 210 | @a沈阳@c辽宁科学技术出版社@d2011.03 | |
| 215 | @a271页@c彩图@d30cm | |
| 320 | @a有索引 | |
| 330 | @a本书收录了多幅节能建筑设计作品。 | |
| 333 | @a建筑设计人员 | |
| 510 | 1 | @aGreen architecture@zeng |
| 586 | @a | |
| 606 | 0 | @a节能@Ajie neng@x建筑设计@y世界@j作品集 |
| 690 | @aTU201.5@v5 | |
| 701 | 0 | @a刘晨@Aliu chen@4编 |
| 702 | 0 | @a常文心@Achang wen xin@4译 |
| 801 | 0 | @aCN@c20110610 |
| 905 | @dTU201.5@eL595 | |
| 绿色建筑= Green architecture/刘晨编/常文心译.-沈阳:辽宁科学技术出版社,2011.03 |
| 271页:彩图;30cm |
| 使用对象:建筑设计人员 |
| ISBN 978-7-5381-6556-2(精装):CNY228.00 |
| 本书收录了多幅节能建筑设计作品。 |
| ● |
| 相关链接 |
|
|
|
正题名:绿色建筑
索取号:TU201.5/L595
 
预约/预借
| 序号 | 登录号 | 条形码 | 馆藏地/架位号 | 状态 | 备注 |
| 1 | 888206 | 208882066 | 建筑库101/101建筑库 37排4列1层/ [索取号:TU201.5/L595] | 在馆 | |
| 2 | 888207 | 208882075 | 建筑库101/101建筑库 37排4列1层/ [索取号:TU201.5/L595] | 在馆 | |
| 3 | 888208 | 208882084 | 建筑库101/101建筑库 37排4列1层/ [索取号:TU201.5/L595] | 在馆 |